เอกสารการสอนชุดวิชา การบริหารงานบุคคล หน่วยที่ 8-15 [20th] (ระเบียนเลขที่ 6465)
| 000 -LEADER | |
|---|---|
| fixed length control field | 01105nam a22002537a 4500 |
| 005 - DATE AND TIME OF LATEST TRANSACTION | |
| control field | 20251125232807.0 |
| 008 - FIXED-LENGTH DATA ELEMENTS--GENERAL INFORMATION | |
| fixed length control field | s2539 th tha d |
| 020 ## - INTERNATIONAL STANDARD BOOK NUMBER | |
| International Standard Book Number | 9746105582 |
| 040 ## - CATALOGING SOURCE | |
| Original cataloging agency | NALT |
| 041 ## - LANGUAGE CODE | |
| Language code of text/sound track or separate title | tha |
| 050 ## - LIBRARY OF CONGRESS CALL NUMBER | |
| Classification number | HF5549.15 ส747อ 2539 |
| 245 10 - TITLE STATEMENT | |
| Title | เอกสารการสอนชุดวิชา การบริหารงานบุคคล หน่วยที่ 8-15 [20th] |
| 246 ## - VARYING FORM OF TITLE | |
| Title proper/short title | Personnel administration |
| 260 3# - PUBLICATION, DISTRIBUTION, ETC. | |
| Place of publication, distribution, etc. | นนทบุรี : |
| Name of publisher, distributor, etc. | สำนักพิมพ์มหาวิทยาลัยสุโขทัยธรรมาธิราช, |
| Date of publication, distribution, etc. | 2539 |
| 300 ## - PHYSICAL DESCRIPTION | |
| Extent | 674 หน้า : |
| Other physical details | ภาพประกอบ, ตาราง ; |
| Dimensions | 30 ซม. |
| 650 04 - SUBJECT ADDED ENTRY--TOPICAL TERM | |
| Topical term or geographic name entry element | การจูงใจ |
| 650 04 - SUBJECT ADDED ENTRY--TOPICAL TERM | |
| Topical term or geographic name entry element | การบริหารงานบุคคล |
| 650 04 - SUBJECT ADDED ENTRY--TOPICAL TERM | |
| Topical term or geographic name entry element | วินัย |
| 650 04 - SUBJECT ADDED ENTRY--TOPICAL TERM | |
| Topical term or geographic name entry element | แรงงานสัมพันธ์ |
| 850 ## - HOLDING INSTITUTION | |
| Holding institution | NALT |
| 856 40 - ELECTRONIC LOCATION AND ACCESS | |
| Uniform Resource Identifier | <a href="https://hdl.handle.net/20.500.14156/444015">https://hdl.handle.net/20.500.14156/444015</a> |
| -- | 1 |
| 942 ## - ADDED ENTRY ELEMENTS (KOHA) | |
| Koha item type | General Book |
| Source of classification or shelving scheme | Library of Congress Classification |
| Koha issues (borrowed), all copies | 1 |
| 998 ## - LOCAL CONTROL INFORMATION (RLIN) | |
| -- | 111 |
| -- | นางสาวพจพิณ พรมเอี่ยม |
| Withdrawn status | Lost status | Damaged status | Not for loan | Collection code | Home library | Current library | Total Checkouts | Full call number | Barcode | Date last seen | Date last checked out | Copy number | Price effective from | Koha item type |
|---|---|---|---|---|---|---|---|---|---|---|---|---|---|---|
| General Book collection | National Assembly Library of Thailand | National Assembly Library of Thailand | 1 | HF 5549.15 ส747อ 2539 | 3961153081 | 01/05/2025 | 25/04/2025 | ฉ. 2 | 09/06/2017 | General Book | ||||
| General Book collection | National Assembly Library of Thailand | National Assembly Library of Thailand | HF 5549.15 ส747อ 2539 | 3961112425 | 09/06/2017 | ฉ. 1 | 09/06/2017 | General Book |
